000 00891nam a2200313 a 4500
001 000115610
003 CHAP
005 20220329144541.0
008 190613s2009 xxc |r| ||||f|spa d
010 _a112071
011 _a113043
020 _a9788496754287
040 _cCHAP
082 0 4 _a843.6
_bG77
100 1 _aGray, Marie.
_9136029
245 1 0 _aRuborízante :
_bnuevos cuentos eróticos para sonrojarse /
_cpor Marie Gray.
260 _aQuebec, Canada :
_bLectio,
_c2009.
300 _a187 p.
490 _aEntre paréntesis
_v3
590 _aBATCH-UPD
_b05
_c20190613
_lUCH01
_h1254
590 _aE5765TAJ
_b05
_c20190613
_lUCH01
_h1253
590 _aE5765TAJ
_b05
_c20190613
_lUCH01
_h1527
650 1 4 _aCuentos canadienses.
_9136032
650 1 4 _aLiteratura erótica.
_9136031
830 0 _aEntre paréntesis
_v3
_9136030
901 _aBK
942 _cLIBRO
942 _n0
999 _c112071
_d112071